书目信息 |
| 题名: |
当代书法名家作品鉴赏
|
|
| 作者: | 沈鸿根 著 | |
| 分册: | ||
| 出版信息: | 重庆 重庆出版社 1998.07 |
|
| 页数: | 302页 | |
| 开本: | 32开 | |
| 丛书名: | ||
| 单 册: | ||
| 中图分类: | J292.12 | |
| 科图分类: | ||
| 主题词: | 书法--中国 , 篆刻--中国 | |
| 电子资源: | ||
| ISBN: | 7-5366-3856-6 | |
| 000 | 00596nam0 2200205 45 | |
| 001 | 0010031604 | |
| 005 | 20001003163232.3 | |
| 010 | @a7-5366-3856-6@d25.00元 | |
| 100 | @a20001003d1998 km y0chiy0120 ea | |
| 101 | 0 | @achi |
| 105 | @a z 000yy | |
| 200 | 1 | @a当代书法名家作品鉴赏@ADang Dai Shu Fa Ming Jia Zuo Pin Jian Shang@f沈鸿根 著@FShen Hong Gen Zhu |
| 210 | @a重庆@c重庆出版社@d1998.07 | |
| 215 | @a302页@d32开 | |
| 606 | 0 | @a书法@x中国 |
| 606 | 0 | @a篆刻@x中国 |
| 690 | @aJ292.12@v3 | |
| 701 | 0 | @a沈鸿根@4著 |
| 801 | @aCN@bPftUser@c20001003 | |
| 905 | @b163378-382@dJ292.12@eSH268/1@f5 | |
| 当代书法名家作品鉴赏/沈鸿根 著.-重庆:重庆出版社,1998.07 |
| 302页;32开 |
| ISBN 7-5366-3856-6:25.00元 |
| ● |
| 相关链接 |
|
|
|
正题名:当代书法名家作品鉴赏
索取号:J292.12/SH268/1
 
预约/预借
| 序号 | 登录号 | 条形码 | 馆藏地/架位号 | 状态 | 备注 |
| 1 | 163378 | 201633786 | 社科库309/309社科库 60排7列4层/ [索取号:J292.12/SH268/1] | 在馆 | |
| 2 | 163379 | 201633795 | 社科库309/309社科库 60排7列4层/ [索取号:J292.12/SH268/1] | 在馆 | |
| 3 | 163786 | 201637862 | 自科二线404/404自科库 16排3列5层/ [索取号:J292.12/SH268/1] | 在馆 | |
| 4 | 163787 | 201637871 | 社科库309/309社科库 79排4列6层/ [索取号:J292.12/SH268/1] | 在馆 | |
| 5 | 163788 | 201637880 | 社科库309/309社科库 79排4列6层/ [索取号:J292.12/SH268/1] | 在馆 | |
| 6 | 163789 | 201637899 | 社科库309/309社科库 79排4列6层/ [索取号:J292.12/SH268/1] | 在馆 | |
| 7 | 163790 | 201637906 | 自科二线404/404自科库 16排3列5层/ [索取号:J292.12/SH268/1] | 在馆 |